000 00937nam a2200337 a 4500
003 AR-BaBNM
005 20251128204500.0
008 082120s2002 ||||||||||||||000 | spa||
020 _a950-36-0120-7
040 _cAR-BaBNM
100 1 _aRoldán, Laura
245 0 0 _aCuentos del Noroeste
260 _aBuenos Aires
_bEdiciones culturales argentinas
_bCentro Editor de América Latina
_c1992
300 _a56 p.
_bil.
490 0 _aCuentos de mi país
500 _aContiene índice de los cuentos
500 _aLista de los libros correspondientes a la colección
650 4 _aCUENTO INFANTIL
650 4 _aLIBROS PARA NIÑOS
650 4 _aLITERATURA INFANTIL
650 4 _aFOLKLORE
650 4 _aLEYENDAS
650 4 _aCULTURA
650 4 _aHUMANIDADES
650 4 _aFABULAS
650 4 _aLITERATURA POPULAR
651 4 _aArgentina
700 1 _aContarbio, Delia
_eilustrador
942 _cBK
998 _cisola
999 _c7598
_d7598